| 000 | 00584nam a2200169 i 4500 | ||
|---|---|---|---|
| 001 | 31438 | ||
| 003 | ES-MaACL | ||
| 005 | 20230906154359.0 | ||
| 007 | t| | ||
| 008 | 030129q19001999fr ||||1| fre d | ||
| 100 | 1 |
_aBénédite, Léonce. _927511 |
|
| 245 | 1 | 3 |
_aLe peinture aux XIXème siecle d'ápres les chefs-d'oeuvres des maitres et les meilleurs tableaux des principaux artistes / _cLéonce Bénédite. |
| 260 |
_aParis : _bErnest Flammarion, _c[19--?] |
||
| 300 |
_aXVI, 372 p., 13 lám. : _bil. ; _c28 cm. |
||
| 650 | 4 |
_aPintura- _yS.XIX. _9159872 |
|
| 852 |
_aES-MaACL _jF-12922 |
||
| 999 |
_c31438 _d31438 |
||